Tiếng hét trong đêm mưa tập 1
שמור ב:
| מחבר ראשי: | |
|---|---|
| מחברים אחרים: | |
| פורמט: | ספר |
| יצא לאור: |
Tp. Hồ Chí Minh
Trẻ
2001
|
| נושאים: | |
| תגים: |
הוספת תג
אין תגיות, היה/י הראשונ/ה לתייג את הרשומה!
|
| Thư viện lưu trữ: | Trung tâm Học liệu Lê Vũ Hùng, Trường Đại học Đồng Tháp |
|---|
| LEADER | 00810pam a22002658a 4500 | ||
|---|---|---|---|
| 001 | 00034559 | ||
| 005 | 20171026081025.0 | ||
| 008 | 161005s2001 ||||||Viesd | ||
| 020 | |c 16500 | ||
| 041 | 0 | # | |a Vie |
| 082 | 1 | 4 | |a 813 |b T306H |
| 100 | 1 | # | |a Clark, Mary Higgins |
| 245 | 1 | 0 | |a Tiếng hét trong đêm mưa |c Mary Higgins Clark; Đài Lan (dịch) |n tập 1 |
| 260 | # | # | |a Tp. Hồ Chí Minh |b Trẻ |c 2001 |
| 300 | # | # | |a 232 tr. |c 18 cm. |
| 653 | # | # | |a Kinh dị |
| 653 | # | # | |a Văn học nước Ngoài |
| 653 | # | # | |a Văn học Mỹ |
| 653 | # | # | |a Tiểu thuyết |
| 700 | 1 | # | |a Đài, Lan |e Dịch |
| 852 | # | # | |j KD.0017680 |
| 852 | # | # | |b Kho đọc |j KD.0017680 |
| 910 | |d 05/10/2016 | ||
| 980 | # | # | |a Trung tâm Học liệu Lê Vũ Hùng, Trường Đại học Đồng Tháp |